000 00563nam a2200229Ia 4500
003 OSt
005 20221005124551.0
006 a|||||r|||| 00| 0
007 ta
008 221004b |||||||| |||| 00| 0 tam d
024 _a52491
037 _cTextual
040 _aCRL
_cCRL
_btam
041 _2tam
_atam
082 _aV211,1:1C, 31K0
100 _aKandhaiyahpillai
_9635441
245 0 _aNamathunadu
260 _c1960
650 _aHISTORY
942 _hV211,1:1C, 31K0
_cTEXL
_2cc
999 _c1050879
_d1050879